Statistics for Name the 2000's Disney shows

Click here to take the quiz!

General Stats

  • This quiz has been taken 48 times
  • The average score is 13 of 20

Answer Stats

Year/HintAnswer% Correct
About a Texan teen moves to New York City to follow her dreams and ends up as a nanny for a high-profile couple's four children(2011)Jessie
89%
Adventures of a teenage pop star who keeps her identity secret from even her closest friends by using a disguise on-stage(2006)Hannah Montana
86%
About a teenage girl who makes videos for her little sister(2010)Good Luck Charlie
80%
About two brothers and a platypus(2007)Phineas and Ferb
77%
A teenage girl periodically receives brief psychic visions of the near future(2003)That's So Raven
77%
Two Chicago teens attempt to realize their dream of becoming professional dancers by landing spots on a popular local show(2010)Shake It Up
74%
A show about a family a wizards that try to keep their secret(2007)Wizards of Waverly Place
71%
A musical prodigy gets into a gifted program called Advanced Natural Talents at the local high school(2011)A.N.T. Farm
69%
A family adopts a dog and the kids find out that he can talk(2012)Dog with a Blog
69%
A show that follows three musician brothers through fun and unusual situations as they try to live ordinary lives(2009)Jonas
69%
Comedy about identical twins living at the Tipton Hotel with their single mother who is a lounge singer at the hotel(2005)The Suite Life of Zack & Cody
63%
Spinoff show of the answer above(2008)The Suite Life on Deck
63%
The daily adventures of an adolescent girl whose real thoughts and emotions are expressed by her sarcastic animated alter ego(2001)Lizzie McGuire
60%
A show following the lives of a musician, a shy songwriter and their two friends(2011)Austin & Ally
57%
A talented Midwestern girl, has won a nationwide talent search to move to Los Angeles and star in a popular television series(2009)Sonny with a Chance
57%
A show about a boy and his half vampire babysitter and friends battle against creatures from their nightmares(2011)My Babysitter's a Vampire
49%
Spinoff show of the answer above(2011)So Random!
46%
A high school cheerleader and her clumsy best friend balance their duties as global crime-fighters with the typical challenges of adolescence(2002)Kim Possible
43%
A family from 2121 is stuck in 2004, trying desperately to fit in(2004)Phil of the Future
34%
A show about a constant feud between step siblings as they vie for control of their hosehold(2005)Life with Derek
26%

Score Distribution

Percentile by Number Answered

Percent of People with Each Score

Your Score History

You have not taken this quiz